States that border the Atlantic Ocean - Statistics

General Stats
  • This quiz has been taken 30 times
  • The average score is 13 of 14
Answer Stats
Answer % Correct
Connecticut/CT
100%
Massachusetts/MA
100%
New York/NY
100%
Rhode Island/RH
100%
Virginia/VA
100%
Florida/FL
95%
Georgia/GA
95%
Maryland/MD
95%
New Jersey/NJ
95%
South Carolina/SC
95%
Maine
89%
North Carolina/NC
89%
New Hampshire/NH
84%
Deleware
37%
No matching quizzes found
Score Distribution
Percent of People with Each Score
Percentile by Number Answered
Your Score History
You have not taken this quiz